• 首页
  • 本馆介绍
  • 公告通知
  • 最新文献
  • 馆藏检索
  • 电子资源
  • 读者导购
  • 参考咨询
  • 我的图书馆
  • 登录
  • 详细信息显示
  • 放入我的书架
  • 预约/预借图书
  • 作者相关作品
  • 分类相关作品
  • 丛书相关作品
  • 出版社相关作品

书目信息

  • 表格格式
  • 工作单格式
  • 卡片格式
题名:
黑洞
    
 
作者: 谷峰 编著
分册:  
出版信息: 北京   时事出版社  2015
页数: 275页
开本: 24cm
丛书名:
单 册:
中图分类: P145.3-49
科图分类:
主题词: 黑洞--Hei Dong--普及读物
电子资源:
ISBN: 978-7-80232-776-4
000 01023nam0 2200277 450
001 012001001457
005 20131108110541.0
010    @a978-7-80232-776-4@dCNY32.00
099    @aCAL 012014153830
100    @a20141205d2015 em y0chiy50 ea
101 0  @achi
102    @aCN@b110000
105    @ay z 000yy
106    @ar
200 1  @a黑洞@AHei Dong@d= The black hole@e不可思议的神秘宇宙之谜@f谷峰编著@zeng
210    @a北京@c时事出版社@d2015
215    @a275页@d24cm
300    @a畅销探秘版
330    @a本书从宇宙的起源开始,介绍了宇宙中最奇特的景象——黑洞,关于黑洞总是众说纷纭,本书结合众多科学家的相关论述供读者参考。除此外,本书还讲述了很受关注的外星人以及UFO的故事。在立足科学客观基础上,本书选用了很多最新科学观点。
510 1  @aBlack hole@zeng
517 1  @a不可思议的神秘宇宙之谜@ABu Ke Si Yi De Shen Mi Yu Zhou Zhi Mi
606 0  @a黑洞@AHei Dong@j普及读物
690    @aP145.3-49@v4
701  0 @a谷峰@AGu Feng@4编著
801  0 @aCN@b北京卓展@c20191020
905    @b1198341-4@dP145.3-49@e301@f4
    
    黑洞= The black hole:不可思议的神秘宇宙之谜/谷峰编著.-北京:时事出版社,2015
    275页;24cm
    畅销探秘版
    
    ISBN 978-7-80232-776-4:CNY32.00
    本书从宇宙的起源开始,介绍了宇宙中最奇特的景象——黑洞,关于黑洞总是众说纷纭,本书结合众多科学家的相关论述供读者参考。除此外,本书还讲述了很受关注的外星人以及UFO的故事。在立足科学客观基础上,本书选用了很多最新科学观点。
●
相关链接 在E读中查询图书 在五车中查询图书 在当当中查询图书 在豆瓣中查询图书


正题名:黑洞     索取号:P145.3-49/301         预约/预借

序号 登录号 条形码 馆藏地/架位号 状态 备注
1 1198341   211983415   第二样本阅览室/ [索取号:P145.3-49/301] 在馆    
2 1198342   211983424   第三借阅区/ [索取号:P145.3-49/301] 在馆    
3 1198343   211983433   第三借阅区/ [索取号:P145.3-49/301] 在馆    
4 1198344   211983442   第三借阅区/ [索取号:P145.3-49/301] 在馆    
唐山师范学院图书馆 欢迎您!
大连网信软件有限公司© 版权所有